Statistics for Olivier Risk - Canadian Swimmer Quiz

Click here to take the quiz!

General Stats

  • This quiz has been taken 12 times
  • The average score is 8 of 10

Answer Stats

QuestionAnswer% Correct
Where is Olivier Risk born?Ottawa
100%
How many siblings does Olivier have1
90%
What is Olivier's hometown clubROCS
90%
Where did Olivier go for an international swim competition in the fall of 2022?Seychelles
90%
What is Olivier's favorite movie soundtrack?Star Wars
90%
What is Olivier's birthname?James
80%
What is Olivier's favorite drink?Smoothie
80%
True or False : Olivier is the G.O.A.TUndoubtebly
70%
What is Olivier's favorite video game?Hollow Knight
60%
What is Olivier's max bench405 lbs
40%

Score Distribution

Percentile by Number Answered

Percent of People with Each Score

Your Score History

You have not taken this quiz